| Tag |
First Indicator |
Second Indicator |
Subfields |
| LEADER |
00000cam a22000001a 4500 |
| 001 |
in00003305321 |
| 006 |
m d f |
| 007 |
cr bn mmmapmmp |
| 008 |
100513s1959 dcu o f000 0 eng d |
| 005 |
20260430211722.7 |
| 035 |
|
|
|a cis2007836957
|
| 040 |
|
|
|a LexisNexis
|c LexisNexis
|d UtOrBLW
|
| 043 |
|
|
|a n-us---
|
| 099 |
|
|
|a CMP-1959-FNS-0006
|
| 110 |
1 |
|
|a United States.
|b Congress.
|b Senate.
|b Committee on Finance.
|
| 245 |
1 |
0 |
|a Taxation of Life Insurance Companies. Suggestions and Comments on Major Topics. by the Staff of the Joint Committee on Internal Revenue Taxation.
|
| 264 |
|
1 |
|a [Place of publication not identified] :
|b [publisher not identified],
|c 1959.
|
| 300 |
|
|
|a 1 online resource.
|
| 336 |
|
|
|a text
|b txt
|2 rdacontent
|
| 337 |
|
|
|a computer
|b c
|2 rdamedia
|
| 338 |
|
|
|a online resource
|b cr
|2 rdacarrier
|
| 500 |
|
|
|a Record is based on bibliographic data in LexisNexis U.S. Congressional Research Digital Collection (last viewed May 2010). Reuse except for individual research requires license from LexisNexis.
|
| 500 |
|
|
|a Print.
|
| 500 |
|
|
|a Electronic resource.
|
| 650 |
|
0 |
|a Income tax.
|
| 650 |
|
0 |
|a Insurance companies.
|
| 655 |
|
7 |
|a Electronic books.
|2 local
|
| 710 |
2 |
|
|a ProQuest (Firm)
|
| 776 |
0 |
8 |
|i Microfiche version:
|a United States. Congress. Senate. Committee on Finance
|t Taxation of Life Insurance Companies. Suggestions and Comments on Major Topics. by the Staff of the Joint Committee on Internal Revenue Taxation.
|o S3821
|
| 830 |
|
0 |
|a U.S. Congressional Research.
|
| 856 |
4 |
0 |
|u http://proxy.library.tamu.edu/login?url=https://congressional.proquest.com/congcomp/getdoc?CRDC-ID=CMP-1959-FNS-0006
|z Connect to the full text of this electronic book
|t 0
|
| 999 |
|
|
|a MARS
|
| 999 |
f |
f |
|s db6173bc-6667-34b2-9cd5-e13ee2870edf
|i bcfadf05-2980-326d-ad8b-7f232fc54b44
|t 0
|
| 952 |
f |
f |
|a Texas A&M University
|b College Station
|c Electronic Resources
|s www_evans
|d Available Online
|t 0
|e CMP-1959-FNS-0006
|h Other scheme
|
| 998 |
f |
f |
|a CMP-1959-FNS-0006
|t 0
|l Available Online
|